书目信息 |
| 题名: |
世界简史
|
|
| 作者: | 韦尔斯 著 ;琚宏 , 张军 译 | |
| 分册: | ||
| 出版信息: | 北京 当代世界出版社 2008.01 |
|
| 页数: | 231页 | |
| 开本: | 24cm | |
| 丛书名: | 世界人文科学系列读本 | |
| 单 册: | ||
| 中图分类: | K109 | |
| 科图分类: | ||
| 主题词: | 世界史--shi jie shi--通俗读物 | |
| 电子资源: | ||
| ISBN: | 978-7-5090-0244-5 | |
| 000 | 01104nam 2200289 450 | |
| 001 | 003809358 | |
| 005 | 20121119084152.10 | |
| 010 | @a978-7-5090-0244-5@dCNY25.00 | |
| 100 | @a20080630d2008 em y0chiy50 ea | |
| 101 | 0 | @achieng |
| 102 | @aCN@b110000 | |
| 105 | @ay z 000yy | |
| 200 | 1 | @a世界简史@Ashi jie jian shi@d= A short history of the world@f(英) H. G. 韦尔斯(Herbert George Wells)著@g琚宏, 张军译@zeng |
| 210 | @a北京@c当代世界出版社@d2008.01 | |
| 215 | @a231页@d24cm | |
| 225 | 2 | @a世界人文科学系列读本@Ashi jie ren wen ke xue xi lie dU ben |
| 330 | @a本书将到今天为止人类所具有的历史知识扼要地叙述出来,包括农耕的开始、释迦牟尼的一生、罗马帝政下的宗教发展、匈奴人与西罗马帝国的崩溃、拉丁系基督教国家的发展等历史事件。 | |
| 410 | 0 | @12001 @a世界人文科学系列读本 |
| 510 | 1 | @aShort history of the world@zeng |
| 606 | 0 | @a世界史@Ashi jie shi@j通俗读物 |
| 690 | @aK109@v4 | |
| 701 | 1 | @a韦尔斯@Awei er si,@bH. G.@g(Wells, Herbert George)@4著 |
| 702 | 0 | @a琚宏@Aju hong@4译 |
| 702 | 0 | @a张军@Azhang jun@4译 |
| 801 | @aCN@c20080927 | |
| 905 | @dK109@eW5101 | |
| 999 | @aCYP | |
| 世界简史= A short history of the world/(英) H. G. 韦尔斯(Herbert George Wells)著/琚宏, 张军译.-北京:当代世界出版社,2008.01 |
| 231页;24cm.-(世界人文科学系列读本) |
| ISBN 978-7-5090-0244-5:CNY25.00 |
| 本书将到今天为止人类所具有的历史知识扼要地叙述出来,包括农耕的开始、释迦牟尼的一生、罗马帝政下的宗教发展、匈奴人与西罗马帝国的崩溃、拉丁系基督教国家的发展等历史事件。 |
| ● |
| 相关链接 |
|
|
|
正题名:世界简史
索取号:K109/W5101
 
预约/预借
| 序号 | 登录号 | 条形码 | 馆藏地/架位号 | 状态 | 备注 |
| 1 | 475782 | 204757824 | 社科库309/309社科库 104排3列5层/ [索取号:K109/W5101] | 在馆 | |
| 2 | 840732 | 208407320 | 社科库309/309社科库 104排3列5层/ [索取号:K109/W5101] | 在馆 | |
| 3 | 840733 | 208407339 | 社科库309/309社科库 104排3列5层/ [索取号:K109/W5101] | 在馆 |